| 000 | 00981mam a2200313 a 4500 | ||
|---|---|---|---|
| 001 | 3029908 | ||
| 003 | OSt | ||
| 005 | 20211103113418.0 | ||
| 008 | 010516m20019999njua b 000 0 eng d | ||
| 020 | _a0130408727 (v. 1) | ||
| 035 | _a(OCoLC)ocm46952605 | ||
| 038 | _akhadija | ||
| 040 |
_aJHE _cJHE _dNNC |
||
| 082 |
_a621.815 _bARD |
||
| 090 |
_aTJ230 _b.E67 2001 |
||
| 100 | 1 |
_aErdman, Arthur G. _935827 |
|
| 245 | 1 | 0 |
_aMechanism design : _banalysis and synthesis / _cArthur G. Erdman, George N. Sandor, Sridhar Kota. |
| 250 | _a4th ed., web enhanced. | ||
| 260 |
_aUpper Saddle River, N.J. : _bPrentice Hall, _cc2001- |
||
| 300 |
_av. : _bill. (some col.) ; _c25 cm. |
||
| 500 | _aAccompanied by a password-protected web site. | ||
| 504 | _aIncludes bibliographical references and index. | ||
| 563 | _apaperback | ||
| 650 | 0 |
_aMachine design. _918984 |
|
| 700 | 1 |
_aSandor, George N. _935828 |
|
| 700 | 1 |
_aKota, Sridhar. _935829 |
|
| 942 |
_2ddc _cBK |
||
| 999 |
_c31520 _d31520 |
||